Pères dans la fiction - Statistiques

Statistiques générales
  • Ce quiz a été pris 1 499 fois
  • Le résultat moyen est 9 sur 22
Statistiques - réponses
Personnage ...son père % Correct
Bart Simpson Homer Simpson
97%
Luke Skywalker Anakin Skywalker
84%
Simba Mufasa
82%
Athéna Zeus
79%
Pinocchio Geppetto
71%
Harry Potter James Potter
69%
Percy Jackson Poséidon
63%
Drago Malefoy Lucius Malefoy
62%
Son Gohan Son Goku
60%
Thor Odin
56%
Damian Wayne Bruce Wayne
39%
Ariel Roi Triton
39%
Mercredi Addams Gomez Addams
26%
Boba Fett Jango Fett
25%
Arwen Elrond
18%
Marty McFly George McFly
17%
Nicole Cruchot Ludovic Cruchot
10%
Bigorneau MacBernik Victor MacBernik
9%
Pépite Pierrafeu Fred Pierrafeu
8%
Indiana Jones Henry Jones Sr.
7%
Kal-El Jor-El
7%
Eliza Delajungle Nigel Delajungle
5%
Aucun quiz correspondant
Distribution des résultats
% des personnes avec chaque résultat
Percentile par nombre de réponses
Votre historique - résultats
Vous n’avez pas pris ce quiz